000 00986nas a2200325 4500
001 BR2019001818
003 BR-BrBNA
005 20231205131959.0
007 ta
008 230509b bl.|||p| |||| 00| 00por d
040 _aBR-BrBNA
_bpor
_cBiblioteca Nacional de Agricultura
041 _a(En)
072 _aL70
100 1 _aFerreira Júnior, A.
100 1 _aSantos, J.P. dos
100 1 _aSousa, I. de O.
100 1 _aMartin, I.
100 1 _aAlves, E.G.L.
100 1 _aRosado, I.R.
245 1 _aGallus gallus domesticus: immune system and its potential for generationof immunobiologics
650 _aAVICULTURA
650 _aFRANGO
650 _aIMUNOLOGIA
650 _aANTICORPO
650 _aVETERINÁRIA
773 0 _tCiência Rural (Brazil)
_xISSN 1678-4596
_g(2018), v. 48(8) p. 1-8
_wBR2019001818
856 4 0 _uhttp://www.scielo.br/pdf/cr/v48n8/1678-4596-cr-48-08-e20180250.pdf
909 _a202311
_bLúcia
_c55
_dLúcia Elande
942 _2AGRIS
_n0
_cANA
999 _c257800
_d257800